Statistics for Plymouth Argyle quiz

Click here to take the quiz!

General Stats

  • This quiz has been taken 75 times
  • The average score is 10 of 16

Answer Stats

HintAnswer% Correct
Stadium nameHome park
98%
Home kit colourGreen
92%
NicknameThe pilgrims
84%
DivisionLeague one
76%
ManagerRyan Lowe
73%
Park where stadium locatedCentral park
63%
StandsDevonport
63%
StandsMayflower
61%
Year founded1886
57%
StandsBarn park
57%
StandsLyndhurst
57%
Player who left on a free transfer to CSKA Sofia in 2019Graham Carey
55%
OwnerSimon Hallett
43%
CaptainGary Sawyer
35%
Affiliate clubPlymouth Parkway
33%
Fee paid for Nathan Blissett15000
10%

Score Distribution

Percentile by Number Answered

Percent of People with Each Score

Your Score History

You have not taken this quiz